Veľkovýrobné postupy pri pestovaní a zbere zrnín zborník prednášok z konferencie : Nitra

Gespeichert in:
Bibliographische Detailangaben
Format: Buch
Sprache:Slowakisch
Veröffentlicht: Banská Bystrica Dom techniky ČSVTS 1986
Tags: Tag hinzufügen
Keine Tags, Fügen Sie das erste Tag hinzu!

MARC

LEADER 00000nam a2200000 4500
001 c104127
005 20181203150245.6
041 0 |a slo 
044 |a SK 
245 1 0 |a Veľkovýrobné postupy pri pestovaní a zbere zrnín  |b zborník prednášok z konferencie : Nitra 
264 1 |a Banská Bystrica  |b Dom techniky ČSVTS  |c 1986 
300 |a 179 s.